00491 2200193 4500001002100000005001700021035002500038040001200063082001400075084002000089100001700109245006300126260002800189300002900217650001900246850001200265990001000277990001000287YOGYA00000000005871520150820101316.0 a0010-081400000058432 aYOPDYOG a181.09922 a181.09922 Mul K aNiels Mulder aKebatinan dan Hidup Sehari-hari Orang Jawa /cNiels Mulder aJakartabGramediac1984 axxiv, 159 hlm. ;c18 cm. aKebatinan Jawa aYOPDYOG a363-P a357-p